Представление документа в формате MARC21

Поле Инд. ПП Название Значение
Тип записи a
Библиографический уровень b
001 Контрольный номер RU/IS/BASE/267805318
005 Дата корректировки 20200630193143.5
008 Кодируемые данные 20080626
040 b Код языка каталог. rus
e Правила каталог. PSBO
041 0_ a Код языка текста rus
084 a Индекс другой классификации/Индекс ББК 81.411.2-20-3
100 1_ a Автор Румянцева А. В.
245 10 a Заглавие Словообразовательные и семантические производные со значением совокупности лиц в русском языке
504 a Библиография Библиогр.: с. 80
650 04 a Основная рубрика лексикология
a Основная рубрика русский язык
a Основная рубрика филологические науки
a Основная рубрика частное языкознание
a Основная рубрика языкознание
653 1_ a Ключевые слова категория множества
a Ключевые слова лексика
a Ключевые слова семантика
a Ключевые слова словообразование
a Ключевые слова собирательные имена существительные
a Ключевые слова совокупность лиц
a Ключевые слова существительное
773 08 t Заглавие источника Вестник Московского университета. Серия 9, Филология
d Дата издания источника 2007
g Прочая информация № 6. - С. 73 - 80
w Контрольный № источника RU/IS/BASE/261756589
901 t Тип документа b